000 01361cam a2200205 i 4500
005 20251108175838.0
008 250721s2022 jo gr 000 0 ara d
020 _a9789923002599
082 1 4 _a025.32
_bش و ا
100 1 _aالشوابكة، يونس احمد اسماعيل
_eمعد.
245 1 0 _aأساسيات الفهرسة الوصفية والإلكترونية (المحوسبة) :
_bوفق معيار وصف المصادر واتاحتها (وما) وصيغة مارك (21) الببليوغرافية - دليل عملي ارشادي /
_cإعداد الأستاذ الدكتور يونس اسماعيل الشوابكة.
246 1 0 _aFundamentals of descriptive and computerized cataloging according to resource description and access (RDA) and MARC (21) format : A practical guide
250 _aالطبعة الاولى.
264 _aعمان :
_bجمعية المكتبات والمعلومات الأردنية،
_c2022.
300 _a2 جزء.
505 0 _aالمحتويات : الجزء الأول : قواعد الفهرسة الوصفية وفقاً لمعيار وصف المصادر وإتاحتها (RDA). الجزء الثاني : الفهرسة الإلكترونية (المحوسبة) وفقاً لتركيبة مارك 21.
650 1 7 _aالفهرسة الوصفية.
942 _2ddc
_cBK
999 _c143804
_d143804